| 000 | 00361nam a22001457a 4500 | ||
|---|---|---|---|
| 020 | _a0-8493-2894-2 | ||
| 041 | _aENG | ||
| 100 | _aKumar.P | ||
| 245 | _aHydronformatics Data Integrative Approaches In Computation Analysis .And Modeling | ||
| 260 |
_aNew York _bCRC _c2006 |
||
| 300 | _a534 | ||
| 650 | _aSWCE | ||
| 700 | _aAlameda.J | ||
| 856 | _uSWCE ( 43 ) | ||
| 999 |
_c1942 _d1942 |
||